| 000 | 00407nam a2200157 a 4500 | ||
|---|---|---|---|
| 082 | 0 | 0 |
_a922.97 _bKUM |
| 100 | _aKumar, H L | ||
| 245 | _aApostle of Unity: Biographical Study of Maulana Abul Kalam Azad | ||
| 260 |
_aLahore _bHero Publications _c1942 |
||
| 300 | _a109p | ||
| 500 | _aincludes index and biblioraphy | ||
| 505 | 2 | _aAppendix | |
| 650 | _aAbul Kalam Azad | ||
| 700 | 1 | _aKumar, H L | |
| 942 | _cBK | ||
| 999 |
_c2653 _d2653 |
||